| Поле | Инд. | ПП | Название | Значение |
|---|---|---|---|---|
| Тип записи | a | |||
| Библиографический уровень | m | |||
| 001 | Контрольный номер | c7ccd9102dec4d95b11642307b5f82cf | ||
| 005 | Дата корректировки | 20240404113951.3 | ||
| 022 | 0_ | a | ISSN | 1064-2293 |
| 097 | a | Костяева О.Г. | ||
| 210 | 70 | a | Сокращенное заглавие | Eurasian Soil Sci. |
| 245 | 10 | a | Заглавие | Eurasian Soil Science |
| 246 | 03 | a | Другая форма заглавия | Почвоведение; Агрохимия |
| 260 | b | Издательство | Pleiades Publishing, Ltd. | |
| a | Место издания | Russia | ||
| 500 | a | Примечание | Переводная версия "Почвоведение", "Агрохимия" | |
| 514 | d | Специфические данные журнала | входит в Белый список; входит в Scopus;входит в WoS;входит в ядро РИНЦ;зарубежный журнал;ненулевой импакт-фактор | |
| i | Импакт-фактор | scopus 0.56 | ||
| z | ретроспектива квартиля: Q2 Scopus 2019; Q4 WoS 2019; Q2 Scopus 2020; Q4 WoS 2020; Q2 Scopus 2021 | |||
| f | Квартиль | У1 Белый список | ||
| 650 | 04 | a | Основная рубрика | сельское хозяйство; почвоведение; агрохимия |
| 856 | 40 | d | Путь | https://elibrary.ru/title_about.asp?id=9408 |
| u | URL | https://link.springer.com/journal/11475 | ||
| 901 | t | Тип документа | u | |
| 952 | c | Вид литературы | журнал |